[Event "Saint Louis Blitz 2020"]
[Site "Saint Louis"]
[Date "2020.09.18"]
[Round "8"]
[White "Nakamura, Hikaru"]
[Black "So, Wesley"]
[Result "1/2-1/2"]
[WhiteElo "2736"]
[BlackElo "2770"]
[Annotator "TA"]
[PlyCount "56"]
[EventDate "2020.09.18"]
[EventType "blitz"]
[EventCountry "USA"]
[SourceTitle "playchess.com"]
[Source "ChessBase"]
[SourceQuality "1"]

{[%evp 9,56,20,18,10,15,22,25,0,0,0,0,16,0,0,14,13,24,14,14,10,23,14,32,19,23,-8,-2,-13,4,-4,0,0,0,-12,-21,-21,-21,-26,-26,-26,-26,-16,0,0,0,-29,-29,-39,-34]} 1. e4 e5 2. Nf3 Nc6 3. Bb5 Nf6 4. d3 Bc5 5. Bxc6 dxc6 6. Nbd2 {C65: Ruy Lopez: Berlin Defence (3...Nf6), unusual lines and 4 0-0 Bc5.} Be6 {6...Nd7 gains popularity.} 7. O-O Bd6 8. d4 {White has an edge.} Nd7 $1 9. dxe5 Nxe5 10. Nxe5 Bxe5 11. f4 Bd4+ 12. Kh1 f5 13. Qh5+ g6 14. Qe2 $1 {[#] Hoping for exf5.} O-O 15. Nf3 {Threatens to win with exf5.} Bf6 {Black wants to play ...fxe4.} 16. e5 Be7 {[#]} 17. Be3 $146 (17. Rd1 $5 {[%cal Rd1d8]} Qc8 18. Be3 $14) ({Predecessor:} 17. Rd1 Qe8 18. Nd4 Qf7 19. Nxe6 Qxe6 20. Be3 Rad8 21. c4 a6 22. b3 Kf7 23. h3 {1-0 (50) Anand,V (2757)-So,W (2760) Kolkata 2019}) 17... c5 18. c4 Qe8 19. Bf2 Rd8 20. b3 Qc6 21. Qe1 Qe4 22. Bh4 Qxe1 23. Rfxe1 Bxh4 24. Nxh4 Rd4 25. g3 Bd7 26. Kg1 Bc6 27. Kf2 Rfd8 28. Re2 Kf7 {Accuracy: White = 85%, Black = 100%.} 1/2-1/2

[Event "Saint Louis Blitz 2020"]
[Site "Saint Louis"]
[Date "2020.09.18"]
[Round "8"]
[White "Harikrishna, Pentala"]
[Black "Grischuk, Alexander"]
[Result "0-1"]
[WhiteElo "2732"]
[BlackElo "2777"]
[Annotator "TA"]
[PlyCount "96"]
[EventDate "2020.09.18"]
[EventType "blitz"]
[EventCountry "USA"]
[SourceTitle "playchess.com"]
[Source "ChessBase"]
[SourceQuality "1"]

{[%evp 21,96,0,0,0,0,0,0,0,0,0,0,0,0,0,11,0,0,-14,-19,-80,-71,-75,-78,-85,-87,-77,-26,-54,0,0,0,0,0,0,0,0,0,-17,0,0,0,0,9,6,20,12,59,55,83,2,15,0,0,-75,-4,-90,-87,-80,-6,-5,-4,-4,-5,-5,-3,-60,-20,-523,-514,-29971,-29972,-29972,-29974,-29974,-29975,-29982,-29983]} 1. d4 Nf6 2. Nf3 g6 3. g3 Bg7 4. Bg2 O-O 5. O-O d6 6. Re1 Nbd7 7. e4 e5 8. Nc3 c6 9. a4 Re8 10. h3 Qc7 11. a5 Rb8 12. Be3 {B07: Pirc Defence: Miscellaneous Systems.} b5 13. axb6 axb6 14. dxe5 {The position is equal.} dxe5 15. Nd2 {[#]} b5 $146 {[%cal Bb6b5,Bb5b4][%mdl 32]} ({Predecessor:} 15... Bf8 16. Qf3 Nh5 17. Nb3 Ng7 18. Bf1 Ne6 19. h4 Bg7 20. Bc4 Nf6 21. Ra2 h5 {½-½ (42) Hausrath,D (2478)-Stellwagen,D (2512) Belgium 2004}) 16. Nb3 Bb7 17. Qe2 Ra8 18. Red1 Bf8 19. Qf3 Kg7 20. h4 (20. g4 $11) 20... b4 $17 21. Rxa8 Rxa8 22. Ne2 c5 23. Nd2 c4 (23... h5 $17) 24. g4 $1 $11 c3 (24... h5 $15 25. gxh5 Nxh5) 25. bxc3 bxc3 26. Nxc3 h5 ({Don't blunder} 26... Qxc3 $2 27. Bh6+ $1 {[%mdl 512]} Kxh6 28. g5+ Kg7 29. gxf6+ Nxf6 30. Qxc3 $18) 27. gxh5 Nxh5 (27... Qxc3 $2 28. Bh6+ $1 {[%mdl 512]} Kxh6 29. Qxc3 $18) 28. Nf1 Ndf6 29. Bg5 Rc8 30. Nd5 Bxd5 31. exd5 e4 32. Qe2 Bd6 33. Ne3 Bh2+ 34. Kf1 Bf4 {[#]} 35. Bh3 (35. Qd2 $1 $16) 35... Rh8 36. Bg2 Qe5 37. Bxf6+ (37. Ng4 $11 {keeps the balance.} Nxg4 38. Qxg4) 37... Nxf6 (37... Qxf6 $17 38. Qd2 (38. Bxe4 $2 Re8 $19) 38... Ra8) 38. Ng4 (38. d6 $11) 38... Nxg4 $17 39. Qxg4 e3 (39... f5 $17 40. Qe2 Qc7) 40. d6 $11 Rxh4 41. Qe2 Bg5 {next ...Rf4 is good for Black.} 42. Rd5 $132 {[%mdl 2048] White has counterplay} Qa1+ 43. Qd1 ({Better is} 43. Qe1 $11 e2+ {[%mdl 64] Decoy} 44. Kxe2 Qa6+ 45. Kd1) 43... Qf6 {[%csl Ge3][%cal Rf6f2]} 44. f3 $2 {[%mdl 8192] Loses the game.} (44. Qf3 $11 {and White has nothing to worry.}) 44... Ra4 $19 {Hoping for ...Ra1!} 45. d7 {[#]} (45. Qd3 $19 Qa1+ 46. Qd1) 45... Ra1 $1 {[%mdl 512] Black mates.} 46. d8=Q Qa6+ (46... Qxd8 $2 {is the wrong capture.} 47. Qxa1+ Bf6 48. Rxd8 $18) 47. Ke1 Rxd1+ 48. Rxd1 Bxd8 {Accuracy: White = 68%, Black = 83%.} 0-1

[Event "Saint Louis Blitz 2020"]
[Site "Saint Louis"]
[Date "2020.09.18"]
[Round "8"]
[White "Xiong, Jeffery"]
[Black "Firouzja, Alireza"]
[Result "1-0"]
[WhiteElo "2709"]
[BlackElo "2728"]
[Annotator "TA"]
[PlyCount "115"]
[EventDate "2020.09.18"]
[EventType "blitz"]
[EventCountry "USA"]
[SourceTitle "playchess.com"]
[Source "ChessBase"]
[SourceQuality "1"]

{[%evp 15,115,13,20,20,22,19,42,20,18,12,45,43,40,33,40,39,35,45,45,0,0,0,0,0,6,0,0,0,46,16,29,16,52,24,63,66,81,51,60,48,77,76,141,152,246,48,124,119,189,176,161,91,168,155,154,146,262,263,259,254,286,113,104,87,188,197,177,141,243,235,233,230,306,298,294,283,310,308,307,305,223,258,496,496,493,472,552,543,560,502,636,622,605,597,550,487,1204,1160,29973,29973,29956,6739]} 1. d4 Nf6 2. Nf3 e6 3. Bf4 b6 4. e3 Bb7 5. Nbd2 Be7 6. h3 O-O 7. Bd3 d6 8. O-O Nbd7 9. a4 {A47: 1 d4 Nf6 2 Nf3 b6: Torre, London and Colle Systems.} a6 10. Bh2 Re8 11. c3 {White is slightly better.} Bf8 12. e4 e5 13. Re1 g6 {[#]} 14. b4 $146 ({Predecessor:} 14. dxe5 Nxe5 15. Nxe5 dxe5 16. Nc4 Nd7 17. Qe2 Qe7 18. Ne3 c6 19. b4 Red8 20. Rab1 {0-1 (32) Reuter,P-Larsen,F (2300) Lyngby 1991}) 14... Bg7 15. Qb3 Qe7 16. a5 b5 17. d5 c6 18. dxc6 Bxc6 19. c4 Reb8 20. Rac1 h6 21. Bg3 Qe6 22. Qd1 Nh5 23. Bh2 Qe7 24. Nf1 Kh7 25. Ne3 bxc4 26. Rxc4 Bb5 27. Nd5 Qd8 28. Rc1 {Bxb5 is the strong threat.} Bxd3 ({Black should try} 28... Ra7) 29. Qxd3 $16 Nhf6 {[#]} (29... Ra7 $16 {was worth a try.} 30. Rc6 Nhf6) 30. Red1 $2 ({White has to play} 30. Nc7 $1 $18) 30... Rc8 (30... Ra7 $14) 31. Bg3 $36 {[%mdl 2048] Black is under strong pressure.} Nh5 (31... Nxd5 $16 32. Qxd5 Nf6 33. Qxf7 Qf8 34. Qxf8 Bxf8) 32. Rxc8 $18 Qxc8 33. Ne7 (33. Rd2 $18) 33... Qb7 (33... Qf8 $16 {was necessary.}) 34. Qxd6 Nxg3 35. Qxd7 ({Don't do} 35. fxg3 $6 Nf6 $14) 35... Qxd7 (35... Qxb4 $16 36. fxg3 Qc5+ 37. Kh2 Ra7) 36. Rxd7 Nxe4 37. Nc6 f6 38. Nd2 $2 (38. Nd8 $18 {is the precise move to win.}) 38... Nxd2 $16 39. Rxd2 {[%mdl 4096] Endgame KRB-KRN} Bf8 (39... Rc8 $16 40. Rd6 Bf8 41. Rd7+ (41. Rxf6 $2 Kg7 $17) 41... Kg8 42. Ne7+ Bxe7 43. Rxe7 Rb8) 40. Rd7+ $18 Kg8 {[#]} 41. Rb7 $1 e4 (41... Bd6 $16) 42. Kf1 Bd6 43. Ke2 Rc8 44. Rb6 Ra8 45. g4 Kf7 46. Ke3 f5 47. gxf5 gxf5 48. Nd4 Bf8 $2 (48... Bb8 {is a better defense.} 49. b5 (49. Rxh6 Ba7 $18) 49... axb5 50. Rxb5 Kg6 51. Nxf5 Ba7+ 52. Ke2 (52. Kxe4 Bxf2 53. Nd6 Be1 $18) 52... Re8) 49. Nxf5 h5 50. Kxe4 Rd8 51. Nd4 Re8+ 52. Kf3 Re1 53. Nc6 Ke6 54. Rxa6 Kd5 55. Rb6 {Black must now prevent a6.} Ra1 (55... Rc1 $142 56. b5 Rc3+ 57. Kg2 Bc5) 56. a6 {[%cal Ba5a6,Ba6a7][%mdl 32]} Bd6 57. a7 Ra3+ 58. Kg2 {Accuracy: White = 77%, Black = 38%.} 1-0

[Event "Saint Louis Blitz 2020"]
[Site "Saint Louis"]
[Date "2020.09.18"]
[Round "9"]
[White "Nepomniachtchi, Ian"]
[Black "Nakamura, Hikaru"]
[Result "1-0"]
[WhiteElo "2784"]
[BlackElo "2736"]
[Annotator "TA"]
[PlyCount "61"]
[EventDate "2020.09.18"]
[EventType "blitz"]
[EventCountry "USA"]
[SourceTitle "playchess.com"]
[Source "ChessBase"]
[SourceQuality "1"]

{[%evp 10,60,-24,-20,-34,-41,-31,-35,-10,-13,0,0,0,0,-9,-8,0,-47,-61,-60,-49,-72,-58,-68,-70,-75,-72,-61,-52,-78,-28,-78,-35,-39,-19,-29,-7,-12,0,-24,0,-40,166,161,166,85,100,98,84,94,176,162,29999]} 1. b3 d5 2. Bb2 c5 3. Nf3 f6 4. e3 e5 5. d4 cxd4 6. exd4 e4 $1 {[%cal Re4f3] A06: Réti Opening: 1 Nf3 d5.} 7. Nfd2 f5 8. c4 Nf6 {Black is slightly better.} 9. Nc3 Be6 10. cxd5 Nxd5 11. Bb5+ Nc6 12. O-O Be7 {[#]} 13. Nc4 $146 ({Predecessor:} 13. Qh5+ g6 14. Qh6 Bf8 15. Qh3 Bg7 16. Ndxe4 O-O 17. Nc5 Bf7 18. Nxd5 Bxd5 19. Rad1 {1-0 (55) Kayumov,S (2505)-Hirneise,T (2466) Doha 2016}) 13... O-O 14. Bxc6 bxc6 15. Ne5 Nxc3 16. Bxc3 Bd5 17. f4 exf3 18. Nxf3 Bd6 19. Qd2 Rf6 20. Ne5 Bxe5 21. dxe5 Rg6 22. Rf2 Qh4 23. Re1 Re8 24. e6 Be4 25. Qd7 {[%cal Rd7e8]} (25. e7 $5 {[%cal Rc3b4]}) 25... Rexe6 $2 (25... Qe7 $15 {keeps the upper hand.}) 26. Qc8+ $18 (26. Qxa7 h5 $17) 26... Kf7 {[#]} 27. Rd1 (27. Bb4 $1 $18 {[%csl Gb4][%cal Rc8f8]} Rgf6 28. Qd7+ (28. g3 Qg4 $16) 28... Kg6 29. Bc3 (29. Qxa7 Bd5 $11)) 27... Re8 {[#]} 28. Rd7+ $1 $40 {[%mdl 1152] White has strong compensation. White has strong attack.} Re7 29. Rd8 {[%csl Gc8][%cal Rd8f8,Bd7d8,Bd8g8,Bg8f8][%mdl 32]} Rge6 (29... Rg5 $16 30. Bd2 (30. Bb4 $2 Qh3 $19) 30... Qh5 31. Bxg5 (31. Bb4 $2 Qh3 $19) 31... Qxg5) 30. Rg8 {[%csl Gc3][%cal Rg8g7]} Rg6 $2 (30... Qh6 $18 31. Rxg7+ Qxg7 32. Bxg7 Kxg7) 31. Rf8# {Accuracy: White = 72%, Black = 63%.} 1-0

[Event "Saint Louis Blitz 2020"]
[Site "Saint Louis"]
[Date "2020.09.18"]
[Round "9"]
[White "Grischuk, Alexander"]
[Black "Aronian, Levon"]
[Result "1/2-1/2"]
[WhiteElo "2777"]
[BlackElo "2773"]
[Annotator "TA"]
[PlyCount "93"]
[EventDate "2020.09.18"]
[EventType "blitz"]
[EventCountry "USA"]
[SourceTitle "playchess.com"]
[Source "ChessBase"]
[SourceQuality "1"]

{[%evp 16,93,8,2,10,0,0,-18,-15,-15,-18,-20,-6,-21,-8,-8,-8,-7,0,-10,0,-9,0,-14,-9,-75,0,0,0,0,0,0,0,0,3,0,0,0,0,0,0,0,0,0,0,0,35,0,0,0,0,0,0,0,0,0,0,0,0,0,0,0,0,0,0,0,0,0,0,0,0,0,0,0,0,0,0,0,0,0]} 1. Nf3 d5 2. g3 Nf6 3. Bg2 g6 4. c4 dxc4 5. Na3 Bg7 6. Nxc4 c5 7. O-O Nc6 8. b3 O-O 9. Bb2 Be6 {A09: Réti Opening: 1 Nf3 d5 2 c4.} 10. Rc1 Rc8 11. d4 cxd4 12. Nxd4 Nxd4 13. Qxd4 b6 {[#]} 14. Na3 $146 ({Predecessor:} 14. Ne5 Qxd4 15. Bxd4 Ng4 16. f4 Nxe5 17. fxe5 Rxc1 18. Rxc1 Rc8 19. Rxc8+ Bxc8 {½-½ (19) Petrosian,T-Keres,P Buenos Aires 1964}) 14... Qxd4 15. Bxd4 Rfd8 {[#] White must now prevent ...Rxc1.} 16. Rxc8 Bxc8 17. e3 Ba6 18. Rc1 Ne8 19. Bxg7 Kxg7 20. Bf1 {[#]} (20. Nb1 $11 {remains equal.}) 20... Bxf1 (20... Rd2 $1 $17 21. Nc2 (21. Bxa6 Rxa2 22. Nb5 Rxa6 $17) 21... Bb7) 21. Kxf1 $17 {[%mdl 4096] Endgame KRN-KRN} Rd5 22. Rc2 Nd6 23. Ke2 Ra5 24. Nb1 $1 g5 25. h3 Kf6 26. Nd2 Ke6 27. g4 Kd7 28. a4 f6 29. f3 Nb7 30. Ne4 Rd5 31. Rc1 (31. b4 {looks sharper.} Ke6 32. Rc6+ Kd7 33. Rc1 Ke6 34. Ng3) 31... Nd6 {The position is equal.} 32. Nxd6 (32. Nd2 {is more complex.} b5 33. e4 Re5 34. Ke3 h6 35. Ra1) 32... Rxd6 $11 {KR-KR} 33. h4 h6 34. h5 Rc6 35. Rd1+ Kc7 36. Rd4 Rc5 37. Kd3 e5 38. Rc4 Rxc4 39. Kxc4 {Threatens to win with Kd5. KP-KP} Kc6 40. b4 a6 41. b5+ axb5+ 42. axb5+ Kd6 43. e4 Ke6 44. Kb4 Kd6 45. Kc4 Ke6 46. Kb4 Kd6 47. Kc4 {Accuracy: White = 92%, Black = 94%.} 1/2-1/2

[Event "Saint Louis Blitz 2020"]
[Site "Saint Louis"]
[Date "2020.09.18"]
[Round "9"]
[White "So, Wesley"]
[Black "Carlsen, Magnus"]
[Result "1/2-1/2"]
[WhiteElo "2770"]
[BlackElo "2863"]
[Annotator "TA"]
[PlyCount "59"]
[EventDate "2020.09.18"]
[EventType "blitz"]
[EventCountry "USA"]
[SourceTitle "playchess.com"]
[Source "ChessBase"]
[SourceQuality "1"]

{[%evp 13,59,14,17,25,19,15,21,30,33,19,28,33,29,24,26,0,0,0,0,0,0,0,0,2,9,0,35,34,39,39,34,37,27,22,39,31,34,34,32,0,0,-3,-7,-24,5,5,0,8]} 1. e4 e5 2. Nf3 Nc6 3. Bb5 a6 4. Ba4 Nf6 5. O-O Bc5 6. c3 O-O 7. d4 Ba7 8. dxe5 {C78: Ruy Lopez: Archangelsk and Möller Defences.} Nxe4 9. Qd5 Nc5 10. Bc2 Ne7 11. Qd1 {Hoping for Bxh7+!} d5 12. exd6 Qxd6 13. Qxd6 cxd6 14. Rd1 Bg4 15. Be3 Bxf3 16. gxf3 d5 17. Nd2 Ne6 18. Nb3 Rfd8 19. Rd2 {[#]} d4 $146 (19... b5 {is more complex.} 20. Rad1 a5 21. Nc1 b4 22. Ne2 bxc3 23. bxc3 g6) ({Predecessor:} 19... b5 20. Rad1 a5 21. a3 b4 22. axb4 axb4 23. cxb4 Bxe3 24. fxe3 Rab8 25. e4 Nf4 26. exd5 Rxd5 27. Rxd5 Nexd5 {½-½ (32) Hansen,T (2423)-Warmerdam,M (2417) Porto Carras 2018}) 20. Nxd4 Bxd4 21. Bxd4 Nxd4 22. Rxd4 Rxd4 23. cxd4 $14 {[%mdl 4096] Endgame KRB-KRN} Rd8 24. Be4 Rd7 25. Rd1 f5 26. Bb1 Kf7 27. a3 Kf6 28. Ba2 Nc6 29. d5 Ne5 30. Kg2 {Accuracy: White = 88%, Black = 88%.} 1/2-1/2

[Event "Saint Louis Blitz 2020"]
[Site "Saint Louis"]
[Date "2020.09.18"]
[Round "9"]
[White "Dominguez Perez, Leinier"]
[Black "Xiong, Jeffery"]
[Result "1-0"]
[WhiteElo "2758"]
[BlackElo "2709"]
[Annotator "TA"]
[PlyCount "93"]
[EventDate "2020.09.18"]
[EventType "blitz"]
[EventCountry "USA"]
[SourceTitle "playchess.com"]
[Source "ChessBase"]
[SourceQuality "1"]

{[%evp 24,93,12,28,18,11,33,11,22,25,30,22,31,16,27,28,20,24,31,29,47,48,42,49,42,30,48,54,54,77,54,75,61,66,72,77,116,116,116,122,122,121,128,118,130,129,111,100,161,173,168,172,604,602,605,605,605,605,604,601,596,585,570,495,582,565,550,535,485,470,469,463]} 1. e4 c5 2. Nf3 Nc6 3. d4 cxd4 4. Nxd4 Nf6 5. Nc3 e5 6. Ndb5 d6 7. Bg5 a6 8. Na3 b5 9. Nd5 Be7 10. Bxf6 Bxf6 11. c3 Bg5 12. Nc2 Rb8 13. a4 bxa4 {B33: Sicilian: Pelikan and Sveshnikov Variations.} 14. Ncb4 Nxb4 15. cxb4 {is cutting edge theory.} (15. Nxb4 {looks sharper.} Bd7 16. Bxa6 O-O 17. O-O Be7 18. Qe2) 15... O-O {The position is equal.} 16. Rxa4 a5 17. h4 Bh6 18. b5 Bd7 19. Nc3 d5 20. exd5 e4 21. Be2 e3 {Black wants to play ...exf2+.} 22. f4 g6 $1 {[#]} 23. h5 $5 $146 {[%mdl 8] aiming for hxg6. An interesting novelty.} ({Predecessor:} 23. g3 Bg7 24. Qb3 Qe8 25. O-O Bxc3 26. Qxc3 Bxb5 27. Bxb5 Qxb5 28. Rxa5 Qe2 29. Qe1 Qxb2 30. Qxe3 Rfe8 31. Qa3 Qd2 32. Rf2 Rb1+ 33. Kg2 Qe1 34. Kf3 Qd1+ {0-1 (34) Tari,A (2613)-Kasimdzhanov,R (2663) Saint Louis 2019}) 23... Bg7 24. h6 Bh8 25. d6 Rb6 26. Rxa5 Bc8 27. d7 $1 {[%cal Rd7c8]} Bxd7 28. Ra6 {Strongly threatening Rxb6.} Rb7 29. O-O {White now steadily converts the win.} Bxc3 30. bxc3 {Qd4 is the strong threat.} Bxb5 31. Rd6 $1 {[%cal Rd6d8]} Qh4 32. c4 $40 {[%mdl 128] White has strong attack.} Be8 33. c5 $1 Qxh6 34. c6 $1 {[%cal Rc6b7]} Rc7 35. Qd5 {[%mdl 1024] White has strong compensation.} Qg7 {[#]} (35... Qh4 $16 {was called for.}) 36. Qc5 $1 $18 Qb2 {[#]} 37. Bf3 $1 Re7 $2 (37... Bxc6 38. Rxc6 (38. Bxc6 e2 $16) 38... Rxc6 39. Qxc6 (39. Bxc6 Qd2 $16) 39... e2) 38. c7 {White is clearly winning.} Bb5 {[#]} 39. Rd8 $1 {[%mdl 512] White wants to mate with Rxf8+.} Ree8 {[#]} 40. Qxf8+ $1 {[%mdl 576] Promotion} Rxf8 41. c8=Q Rxd8 42. Qxd8+ Kg7 43. Qb6 h5 44. Kh2 e2 45. Re1 Qd2 46. Qf2 ({Not} 46. Qxb5 Qxe1 47. Qe5+ (47. Qxe2 Qh4+ 48. Kg1 Qxf4 $16) 47... Kg8 $18) 46... Qxf4+ 47. Kg1 {Accuracy: White = 100%, Black = 78%.} 1-0

[Event "Saint Louis Blitz 2020"]
[Site "Saint Louis"]
[Date "2020.09.18"]
[Round "9"]
[White "Firouzja, Alireza"]
[Black "Harikrishna, Pentala"]
[Result "1-0"]
[WhiteElo "2728"]
[BlackElo "2732"]
[Annotator "TA"]
[PlyCount "69"]
[EventDate "2020.09.18"]
[EventType "blitz"]
[EventCountry "USA"]
[SourceTitle "playchess.com"]
[Source "ChessBase"]
[SourceQuality "1"]

{[%evp 9,69,0,0,10,19,10,16,0,9,0,0,0,0,0,23,23,93,101,79,0,48,52,51,52,119,98,165,-35,-26,-35,100,105,396,382,555,528,493,341,387,377,677,672,1054,933,887,739,916,500,483,419,1279,1248,29974,29975,12838,12835,29976,29977,29976,12841,29990,29989]} 1. e4 c6 2. d4 d5 3. e5 Bf5 4. h4 h5 5. Bd3 Bxd3 6. Qxd3 {Threatening e6. B12: Caro-Kann: Advance Variation.} Qa5+ 7. Nd2 {White wants to play e6!} e6 8. Ngf3 {The position is equal.} Qa6 {8...Nh6 is the modern continuation. Played by Alireza Firouzja in September 2020.} 9. c4 Nh6 10. O-O Nf5 11. b3 $36 {[%mdl 2048] [#] White is more active.} c5 $146 ({Predecessor:} 11... Be7 12. a4 Nd7 13. Ba3 Bxa3 14. Rxa3 c5 15. dxc5 Nxc5 16. Qb1 dxc4 17. b4 c3 {½-½ (44) Chigaev,M (2640)-Rozum,I (2572) Yaroslavl 2019}) 12. Qb1 dxc4 (12... Qc6 $11) 13. d5 $1 $16 ({Not} 13. Nxc4 cxd4 14. Bf4 Nc6 $17) 13... c3 14. dxe6 ({White should try} 14. Ne4 $16) 14... Qxe6 (14... fxe6 $5 {[%cal Rc3d2]} 15. Ne4 Nc6 $11) 15. Ng5 $1 {[%cal Rg5e6]} Qg6 16. e6 $1 {[%cal Re6f7]} cxd2 (16... fxe6 $14 17. Ndf3 Nc6) 17. exf7+ Kd7 {[#]} (17... Kd8 $16 18. Bxd2 Nxh4) 18. Qe4 $2 ({Inferior is} 18. Bxd2 Nxh4 19. Qxg6 Nxg6 $11) ({White has to play} 18. Qd3+ $1 $18 Kc7 19. Bxd2) 18... Nc6 $1 $15 19. Bxd2 Bd6 (19... Rh6 $15 {stays ahead.} 20. Rfe1 Rd8) 20. Rad1 Kc7 $2 {[%mdl 8192] Loses the game.} (20... Rh6 $16 {was called for.}) 21. Bf4 $18 Bxf4 (21... Rh6 $142 22. Rd5 Bxf4 23. Qxf4+ Nd6) 22. Qxf4+ Kb6 23. Rfe1 Nfd4 {[#] Hoping for ...Rad8.} 24. b4 $1 {[%cal Bb3b4,Bb4c5][%mdl 544]} Qf6 $2 (24... Rad8) (24... cxb4 25. Rxd4) 25. bxc5+ Kb5 26. Rb1+ Ka6 27. Qg3 {Strongly threatening Qa3+.} b5 28. cxb6 axb6 29. Qc7 {[%csl Gb1][%cal Rc7b6]} Nb5 {[#]} (29... Rab8 $142 30. Re8 Nb5 31. Qxb8 Nxb8) 30. Rxb5 $1 {[%mdl 576] Clearance} Kxb5 31. Rb1+ Nb4 32. Ne4 Qd4 33. Nd6+ Ka4 34. Qd7+ Ka3 35. Nb5+ {[%mdl 64] Discovered Attack. Accuracy: White = 78%, Black = 35%.} 1-0

[Event "Saint Louis Blitz 2020"]
[Site "Saint Louis"]
[Date "2020.09.19"]
[Round "10"]
[White "Grischuk, Alexander"]
[Black "Nepomniachtchi, Ian"]
[Result "1-0"]
[WhiteElo "2777"]
[BlackElo "2784"]
[Annotator "TA"]
[PlyCount "85"]
[EventDate "2020.09.18"]
[EventType "blitz"]
[EventCountry "USA"]
[SourceTitle "playchess.com"]
[Source "ChessBase"]
[SourceQuality "1"]

{[%evp 9,85,20,27,18,20,20,17,0,9,17,45,37,40,32,41,24,49,32,40,35,35,24,69,59,81,68,133,134,189,116,179,186,189,113,188,141,193,145,142,72,406,125,83,0,127,71,71,0,353,351,333,370,736,713,772,758,775,770,718,487,763,763,1795,1681,1099,779,29988,29989,29989,29990,29990,29991,29994,29995,29995,29996,29996,29997]} 1. d4 Nf6 2. Nf3 g6 3. Nbd2 d5 4. e3 Bg7 5. b4 {[%cal Bb2b4,Bb4b5][%mdl 32]} O-O 6. Bb2 {D02: 1 d4 d5 2 Nf3 sidelines, including 2...Nf6 3 g3 and 2...Nf6 3 Bf4.} a5 7. b5 a4 8. c4 {The position is equal.} a3 9. Bc3 {[#]} Ne4 $146 ({Predecessor:} 9... dxc4 10. Bxc4 Nd5 11. Rc1 Nxc3 12. Rxc3 c5 13. Qc1 cxd4 14. exd4 Qa5 15. Bxf7+ Kxf7 {½-½ (36) Jeanne,M (2210)-Colin,V (2399) Sautron 2015}) 10. Nxe4 dxe4 11. Nd2 $1 f5 12. Qb3 e5 {[%cal Re5d4]} 13. c5+ Kh8 {[%cal Re5d4]} 14. d5 Nd7 15. Bb4 $1 Nf6 16. Bc4 f4 17. c6 ({Much weaker is} 17. Bxa3 fxe3 18. fxe3 Ng4 $11) 17... b6 (17... Re8 $14) 18. h3 $16 Bf5 (18... fxe3 $16 19. fxe3 Re8 20. Bxa3 Nh5) 19. Bxa3 (19. Bxf8 $18 Bxf8 20. g4 fxg3 21. fxg3) 19... Rxa3 (19... g5 $16) 20. Qxa3 $18 Ne8 21. Be2 ({Better is} 21. g4 $18 fxg3 22. fxg3) 21... Qg5 (21... Qxd5 $16 {was necessary.} 22. Rd1 Qe6) 22. Rg1 Nf6 (22... Nd6 $16) 23. d6 cxd6 24. g4 (24. O-O-O $142 $1) 24... d5 $2 {[%mdl 8192]} (24... Be6 $16) 25. O-O-O $2 (25. h4 $18 {is more deadly.} Qxh4 26. gxf5) 25... Be6 26. Kb1 (26. c7 $16) 26... Qh4 (26... Ne8 $1 $11 {keeps the balance.}) 27. g5 (27. Qd6 $142 $1 {[%cal Rd6e6]} Qxf2 28. Qxe6) 27... Ne8 $16 {[#] aiming for ...f3.} 28. Qe7 (28. Rdf1 $1 $16) 28... Bg8 $2 {[%mdl 8192] [#] White leaves nothing to chance now.} (28... Qxf2 $11 {and Black is okay.} 29. Qxe6 Nc7) 29. Rdf1 $1 $18 f3 30. Bd1 d4 $2 (30... Qxh3 31. Qd8 d4) 31. Bb3 Bxb3 32. axb3 Qxh3 33. Nc4 Qc8 34. Rh1 dxe3 (34... Nc7 $142 35. Nd6 Qe6 36. Qxe6 Nxe6) 35. fxe3 Nc7 36. Rd1 f2 37. Nd6 Qa8 38. Nf7+ {White mates.} Kg8 39. Rd7 Ne8 40. Qe6 h5 41. Nxe5+ {[%mdl 64] Discovered Attack} Kh7 42. Qxg6+ {[%mdl 64] Double Attack} Kg8 43. Qe6+ {Accuracy: White = 60%, Black = 42%.} 1-0

[Event "Saint Louis Blitz 2020"]
[Site "Saint Louis"]
[Date "2020.09.19"]
[Round "10"]
[White "So, Wesley"]
[Black "Xiong, Jeffery"]
[Result "1/2-1/2"]
[WhiteElo "2770"]
[BlackElo "2709"]
[Annotator "TA"]
[PlyCount "73"]
[EventDate "2020.09.18"]
[EventType "blitz"]
[EventCountry "USA"]
[SourceTitle "playchess.com"]
[Source "ChessBase"]
[SourceQuality "1"]

{[%evp 10,73,17,-14,14,5,7,7,10,11,13,16,12,5,9,2,9,5,12,5,7,7,3,9,10,11,16,22,22,22,33,21,38,37,52,41,44,37,47,41,40,32,25,12,14,11,17,16,20,14,31,22,26,0,10,8,8,8,6,0,0,0,0,0,0,0]} 1. d4 Nf6 2. c4 e6 3. Nc3 Bb4 4. Qc2 O-O 5. e4 d6 6. e5 Bxc3+ {E32: Nimzo-Indian: Classical (4 Qc2): 4...0-0.} 7. Qxc3 Ne4 8. Qe3 f5 9. exf6 Nxf6 10. Nf3 {[#]} Nc6 $146 ({Predecessor:} 10... e5 11. dxe5 dxe5 12. Be2 e4 13. Nd4 Bg4 14. O-O Bxe2 15. Nxe2 Nc6 16. b3 Nb4 {0-1 (29) Santos Ruiz,M (2543)-Eljanov,P (2680) Caleta 2019}) 11. Be2 e5 12. dxe5 Ng4 13. Qg5 Qxg5 14. Bxg5 {White wants to play exd6.} Ngxe5 15. Nxe5 Nxe5 16. Be3 Bf5 17. Kd2 b6 18. Rhe1 Rae8 19. f3 Ng6 20. Bf1 Bd7 21. Bf2 Bc6 22. Rxe8 Rxe8 23. Re1 Rxe1 24. Bxe1 $14 {[%mdl 4096] Endgame KBB-KBN} Kf7 25. b4 Ne5 26. Ke3 g5 27. Be2 Ng6 28. g3 h6 29. Bc3 Ne7 30. Bd3 Bd7 31. Be2 Be6 {The position is equal.} 32. Bd2 c5 33. a3 Nc6 34. Bc3 Ne5 35. Bxe5 dxe5 36. Ke4 {[#] Black must now prevent bxc5.} Kf6 37. b5 {Accuracy: White = 97%, Black = 96%.} 1/2-1/2